Drużyny piłkarskie, dla których grał Zlatan Ibrahimović - Statystyki

Ogólne statystyki
  • Ten quiz został rozwiązany 6 246 razy
    5 398 od ostatniego zresetowania
  • Średni wynik to 9 z 11
Statystyki odpowiedzi
Rok Występy Gole Klub % Poprawnych
2010–2012 61 42 AC Milan
97%
2020–2023 64 34 AC Milan
97%
2009–2011 29 16 FC Barcelona
97%
2001–2023 (Reprezentacja) 122 62 Szwecja
96%
2006–2009 88 57 Inter Mediolan
90%
2012–2016 122 113 Paris Saint-Germain
90%
2016–2018 33 17 Manchester United
83%
2001–2004 74 35 Ajax
75%
1999–2001 40 16 Malmo FF
74%
2004–2006 70 23 Juventus
70%
2018–2019 56 52 LA Galaxy
69%
Nie znaleziono quizów pasujących do podanych kryteriów
Rozkład punktacji
Procent ludzi z każdym wynikiem
Percentyl według liczby udzielonych odpowiedzi
Twoja historia wyników
Nie rozwiązałeś tego quizu od ostatniego zresetowania